Všestranný rozmach našej domoviny Prejav člena Predsedníctva ÚV KSČ a prvého tajomníka ÚV KSS súdruha Jozefa Lenárta

Bibliographic Details
Main Author: Lenárt, Jozef, 1923-2004 (Author)
Format: Article
Language:Slovak
Subjects:

MARC

LEADER 00000nab a2200000 a 4500
001 vtls000318463
003 SK-MaSNL
005 20260426063358.0
008 040806c1978 xo 0 slo
015 |a SNBRB19rr/mm-uuuuu 
035 |a CL0008555 
040 |a SNKBUCL  |b slo  |c SNKBUCL  |e AACR2 
041 0 |a slo 
044 |a xo  |c SK 
080 |a 323(437.6)  |2 1981 
100 1 |a Lenárt, Jozef,  |d 1923-2004  |4 aut  |9 155652 
245 1 0 |a Všestranný rozmach našej domoviny  |b Prejav člena Predsedníctva ÚV KSČ a prvého tajomníka ÚV KSS súdruha Jozefa Lenárta  |c Jozef Lenárt 
650 0 7 |a Prvý máj  |2 snkbucl  |9 29765 
650 0 7 |a 1978  |2 snkbucl  |9 1001155 
651 7 |a Bratislava (Slovensko)  |2 snkbucl  |9 14568 
655 7 |a prejavy  |2 snkbucl  |9 70401 
773 0 |t Pravda  |g Roč. 59, č. 102 (2. 5. 1978), s. 1 a 3 
850 |a Slovenská národná knižnica v Martine  |a MTA001 
852 |a SNK  |b KIS3GCP 
999 |c 2555439  |d 2557369